Cotidianos /

সংরক্ষণ করুন:
গ্রন্থ-পঞ্জীর বিবরন
প্রধান লেখক: Orendain, Ignacio (autor)
অন্যান্য লেখক: González, Otto-Raúl (prólogo) (prólogo), Buitrón, Arturo (ilustración) (ilustración)
বিন্যাস: গ্রন্থ
ভাষা:স্প্যানিশ
প্রকাশিত: México : Papeles Privados, 1997, c1997
ট্যাগগুলো: ট্যাগ যুক্ত করুন
কোনো ট্যাগ নেই, প্রথমজন হিসাবে ট্যাগ করুন!

MARC

LEADER 00000nam^a2200000^a^4500
001 000575708
005 20250521000000.0
009 20260310132413.645
020 |a 968-6657-62-2 
037 |a Acervo ITESO - Biblioteca 
041 |a ESP 
091 |a FGM. 05599 
100 |a Orendain, Ignacio  |e (autor) 
245 1 0 |a Cotidianos / 
264 4 |a México :  |b Papeles Privados,  |c 1997, c1997 
300 |a IV, 77 p. 
336 |a texto  |b txt  |2 rdacontenido 
337 |a sin mediación  |b n  |2 rdamedio 
338 |a volumen  |b nc  |2 rdasoporte 
649 |a XX 
700 |a González, Otto-Raúl  |e (prólogo) 
700 |a Buitrón, Arturo  |e (ilustración) 
910 |a Fondo Efraín González Morfín 
920 |a Impresos - Libros 
930 |a Fondos Especiales 
940 |a Literatura 
905 |a 130 
901 |a 0500393080  |b IT2  |c ESL  |i D92552  |u 20250521 
902 |a https://opac.biblio.iteso.mx/vufind/Record/000575708